=LDR 00000nam 2200000 4500 =001 INLIS000000000003859 =005 20250605091239 =035 ##$$a 0010-0625000064 =007 ta =008 250605################g##########0#ind## =082 ##$$a 378.2 =084 ##$$a 378.2 EVI k =100 #$$a Evi Silviani =245 1#$$a Kertas Kerja Perseorangan (KKP) Rencana Kerja Peningkatan Partisipasi Pria Dalam KB dan KR Pada Bidang Pengendalian KB KR BKKBN Provinsi Sumatera Selatan /$c Evi Silviani. S.Kom, MM =260 ##$$a Jakarta :$b BKKBN,$c 2010 =300 ##$$a vii, 46 hlm : $b ilus ; $c 29 cm =650 #4$$a Program KB =504 ##$$a Bibliografi : halaman 46